Business Information System (Record no. 533)
[ view plain ]
| 000 -LEADER | |
|---|---|
| Fixed length control field | 00421nam a2200169 4500 |
| 003 - CONTROL NUMBER IDENTIFIER | |
| Control field | SEACOMMC |
| 005 - DATE AND TIME OF LATEST TRANSACTION | |
| Control field | 20240422130454.0 |
| 008 - FIXED-LENGTH DATA ELEMENTS--GENERAL INFORMATION | |
| Fixed length control field | 240422b |||||||| |||| 00| 0 eng d |
| 020 ## - INTERNATIONAL STANDARD BOOK NUMBER / ISBN | |
| Price | 250.00 |
| 040 ## - CATALOGING SOURCE | |
| Original cataloging agency | SEACOMMC |
| 082 ## - DEWEY DECIMAL CLASSIFICATION NUMBER | |
| Classification number | 658.4032085 |
| Book Number | K96 |
| 100 ## - MAIN ENTRY--PERSONAL NAME | |
| Personal name | Kumar,Mukesh |
| 245 1# - TITLE STATEMENT | |
| Title | Business Information System |
| Statement of responsibility | Mukesh Kumar |
| 260 ## - IMPRINT | |
| Place of publication | New Delhi |
| Name of publisher | Vikas Publication |
| Date of publication | 1998 |
| 650 ## - SUBJECT ADDED ENTRY--TOPICAL TERM | |
| Topical term | Management |
| 942 ## - ADDED ENTRY ELEMENTS (KOHA) | |
| Koha item type | Books |
| Withdrawn status | Lost status | Source of classification | Damaged status | Not for loan | Home library | Current library | Shelving location | Date acquired | Total Checkouts | Call number | Accession number | Date last seen | Price effective from | Koha item type | Copy number |
|---|---|---|---|---|---|---|---|---|---|---|---|---|---|---|---|
| Dewey Decimal Classification | SEACOM MANAGEMENT COLLEGE | SEACOM MANAGEMENT COLLEGE | Reference | 21/09/2003 | 658.4032085 K96 | M14 | 22/04/2024 | 22/04/2024 | Reference Books | ||||||
| Dewey Decimal Classification | SEACOM MANAGEMENT COLLEGE | SEACOM MANAGEMENT COLLEGE | 21/09/2003 | 658.4032085 K96 | M15 | 22/04/2024 | 22/04/2024 | Books | 1 | ||||||
| Dewey Decimal Classification | SEACOM MANAGEMENT COLLEGE | SEACOM MANAGEMENT COLLEGE | 21/09/2003 | 658.4032085 K96 | M16 | 22/04/2024 | 22/04/2024 | Books | 2 | ||||||
| Dewey Decimal Classification | SEACOM MANAGEMENT COLLEGE | SEACOM MANAGEMENT COLLEGE | 21/09/2003 | 658.4032085 K96 | M17 | 22/04/2024 | 22/04/2024 | Books | 3 | ||||||
| Dewey Decimal Classification | SEACOM MANAGEMENT COLLEGE | SEACOM MANAGEMENT COLLEGE | 21/09/2003 | 658.4032085 K96 | M18 | 22/04/2024 | 22/04/2024 | Books | 4 | ||||||
| Dewey Decimal Classification | SEACOM MANAGEMENT COLLEGE | SEACOM MANAGEMENT COLLEGE | 21/09/2003 | 658.4032085 K96 | M19 | 22/04/2024 | 22/04/2024 | Books | 5 | ||||||
| Dewey Decimal Classification | SEACOM MANAGEMENT COLLEGE | SEACOM MANAGEMENT COLLEGE | 21/09/2003 | 658.4032085 K96 | M20 | 22/04/2024 | 22/04/2024 | Books | 6 | ||||||
| Dewey Decimal Classification | SEACOM MANAGEMENT COLLEGE | SEACOM MANAGEMENT COLLEGE | 21/09/2003 | 658.4032085 K96 | M21 | 22/04/2024 | 22/04/2024 | Books | 7 |
